| 000 | 00700cam a2200169 4500 | ||
|---|---|---|---|
| 020 | _a0853680256 | ||
| 082 | 0 | 0 |
_a793.92 _bWEL _cL-30. P-45 |
| 100 | 1 |
_aWells, H. G. _945844 |
|
| 245 | 1 | 0 |
_aLittle wars: _ba game for boys from twelve years of age to one hundred and fifty & for that more intelligent sort of girl who likes boys' games and books: _cwith an appendix on Kriegspiel; with marginal drawings by J. R. Sinclair. |
| 260 |
_aLondon, _bArms & Armour P., _c1970. |
||
| 300 |
_a[6], 111 p., 16 plates. _billus. _c26 cm. |
||
| 500 | _aFacsim. of 1st ed. London, Palmer, 1913. | ||
| 526 |
_a0 _b0 _c0 _d793_920000000000000_WEL |
||
| 650 | 0 |
_aMCE _9379 |
|
| 650 | 0 |
_aWar games. _945845 |
|
| 942 |
_2ddc _cBK |
||
| 999 |
_c549277 _d549277 |
||